4 Overlapping Country Flags #3 - Statistics

General Stats
  • This quiz has been taken 1,106 times
  • The average score is 9 of 12
Answer Stats
COUNTRY % Correct
Romania
90%
Andorra
86%
Macedonia
85%
Mongolia
83%
Kyrgyzstan
79%
Brunei
77%
Chad
77%
Seychelles
77%
Tuvalu
76%
Moldova
74%
Republic of the Congo
63%
Uganda
38%
No matching quizzes found
Score Distribution
Percent of People with Each Score
Percentile by Number Answered
Your Score History
You have not taken this quiz